Famous Portuguese People - Statistics

General Stats
  • This quiz has been taken 248 times
    182 since last reset
  • The average score is 9 of 20
Answer Stats
Hint Person % Correct
Five times voted the best player in international football Cristiano Ronaldo
97%
Explorer who sailed to India Vasco da Gama
81%
Explorer who started the first circumnavigation of the world Ferdinand Magellan
77%
Football manager who once was dubbed "The Special One" by the British media José Mourinho
66%
Football player nicknamed "Black Panther" Eusébio
63%
Portugal's top scorer before the above Luìs Figo
54%
A major city in Texas is named after this Catholic saint Anthony of Padua
53%
20th century dictator who reframed the Portuguese regime as the "New State" António Salazar
48%
Prince who is given credit for kicking off the Age of Discovery in the early 1400s {Henry} the Navigator
46%
Current secretary-general of the United Nations António Guterres
44%
First king of Brazil; grandchild of the above Pedro
42%
King of Portugal whose reign saw Portugal's overseas expansion John I
32%
She sang "Like a Bird" and "Turn off the Light" Nelly Furtado
32%
The best-selling Portuguese artist of all time nicknamed the "Queen of Fado" Amália Rodrigues
30%
Brazil "discoverer" who was the first human in history to ever be in four continents Pedro Álvares Cabral
29%
Author of "The Gospel According to Jesus Christ" who won the 1998 Nobel Prize José Saramago
28%
Winner of the 2017 Eurovision Song Contest Salvador Sobral
28%
First Queen of Portugal who ruled between 1777–1816 Maria I
27%
First European navigator to round the southern tip of Africa Bartolomeu Dias
25%
Manager of national football teams from Portugal, Iran, and Colombia Carlos Queiroz
18%
No matching quizzes found
Score Distribution
Percent of People with Each Score
Percentile by Number Answered
Your Score History
You have not taken this quiz since the last reset